Hướng dẫn thực hành kinh tế vĩ mô : học phần kinh tế vĩ mô cơ sở
Uloženo v:
| Hlavní autor: | |
|---|---|
| Médium: | Kniha |
| Jazyk: | Vietnamese |
| Vydáno: |
Lao động
2004
|
| Tagy: |
Přidat tag
Žádné tagy, Buďte první, kdo otaguje tento záznam!
|
| Thư viện lưu trữ: | Mạng thư viện Đại học Đà Nẵng |
|---|
| LEADER | 00675nam a2200253 4500 | ||
|---|---|---|---|
| 001 | 000020477 | ||
| 003 | 16923 | ||
| 005 | 20150320080324.0 | ||
| 008 | 150320s2004 viesd | ||
| 020 | |c 00 | ||
| 041 | 0 | |a vie | |
| 082 | 1 | 4 | |a 339 |b NG-C |
| 100 | 1 | |a Nguyễn Văn Công. | |
| 245 | 1 | 0 | |a Hướng dẫn thực hành kinh tế vĩ mô : học phần kinh tế vĩ mô cơ sở |c Nguyễn Văn Công. |
| 260 | |b Lao động |c 2004 | ||
| 300 | |a tr. |c cm. | ||
| OWN | |a LSP | ||
| 999 | |a From the UDN01 | ||
| TYP | |a Monograph | ||
| TYP | |a Printed language | ||
| 980 | |a Mạng thư viện Đại học Đà Nẵng | ||